Territorios británicos de ultramar - Estadísticas

Estadísticas generales
  • Esta prueba ha sido intentada 57 veces
  • La puntuación promedio es 8 de 13
Estadísticas de respuestas
Capital Territorio % Correcto
Gibraltar Gibraltar
100%
Puerto Argentino/Stanley Islas Malvinas
82%
Road Town Islas Vírgenes Británicas
77%
Jamestown Santa Elena, Ascensión y Tristán de Acuña
69%
Cockburn Town Islas Turcas y Caicos
62%
Hamilton Bermudas
59%
George Town Islas Caimán
59%
Plymouth y Brades Montserrat
59%
Diego García Territorio Británico en el Océano Índico
54%
El Valle Anguila
51%
Grytviken Islas Georgias del Sur y Sandwich del Sur
49%
Adamstown Islas Pitcairn
49%
Episkopí Akrotiri y Dekelia
18%
No se encontraron pruebas coincidentes
Distribución de puntuación
Porcentaje de gente con cada puntuación
Porcentaje por número respondido
Historial de tus puntuaciones
No has intentado esta prueba.